Geografische Rekorde - Quiz - Statistiken

Allgemein
  • Dieses Quiz wurde 109 mal gespielt
  • Das Durchschnittsergebnis liegt bei 20 aus 40
Antwortstatistiken
Frage Antwort % Korrekt
Höchster Berg der Erde? Mount Everest
100%
Größter Ozean der Welt? Pazifik
92%
Größter Kontinent? Asien
89%
Tiefster See der Erde? Baikalsee (Russland)
89%
Größtes Land der Welt? Russland
89%
2. größter Kontinent? Afrika
88%
Größter Fluss nach Einzugsgebiet? Amazonas
88%
Längstes Gebirge? Anden (Südamerika)
88%
Größte Wüste der Erde? (außer Eiswüsten) Sahara
88%
Größte Insel & Kontinent? Australien
86%
Längster Fluss der Welt? Nil
86%
2. höchste Berg der Erde? K2
85%
Größte Insel der Erde? Grönland
84%
Wieviel anerkannte Staaten gibt es weltweit? 194
68%
Wieviele Länder hat Afrika? 54
68%
Größter See der Erde? Kaspisches Meer
67%
Wassereichste See? Kaspisches Meer
67%
Größter Binnenstaat? Kasachstan
66%
Größte Meerestiefe? Witjastief 1 (Marianengraben)
58%
Wieviel Länder hat Asien? 47
51%
Größte Schlucht? Grand Canyon
48%
Kälteste Ort? Antarktis
40%
See mit dem meisten Salzgehalt? Don - Juan - See (Antarktis)
40%
Größte Halbinsel der Erde? Arabien
37%
Höchster Wasserfall der Erde? Salto Angel (Venezuela)
37%
Wann war die Erstbesteigung des höchsten Bergs? 1953
34%
Größter Süßwassersee? Oberer See / Lake Superior
34%
Höchster Berg ab Meeresgrund? Vulkan Mauna Kea (Hawaii)
34%
Kälteste bewohnte Ort? Oimjakon (Sibirien)
26%
Trockenstes Gebiet der Erde? Atacama - Wüste (Chile)
25%
Größte Insel in einem See? Manitoulin (Huronsee /Kanada)
16%
Heißeste Ort der Welt? Wüste Lut (Iran)
12%
In welchem Jahr war der bisher heftigste Schneefall? 1921 (1,93 m Neuschnee in 24 H)
11%
Ort mit dem meisten Regen pro Jahr? Mount Waialeale (Kaua'i /Hawaii)
10%
Kältester Ort in Deutschland? Funtensee (Bayern)
7%
Höchster aktive Vulkan? Ojos del Salado (Chile)
5%
Größter Stausee der Erde? Volta - Stausee (Ghana)
5%
Längste Gebirgskette? Amerikanische Kordillere
4%
Längster Gebirgszug am Meeresboden? Mittelozeanische Rücken
1%
Schmalste Meerenge bei welcher Insel? Euböa (Griechenland)
0%
Keine übereinstimmenden Quizze gefunden
Verteilung der Resultate
Anzahl Personen mit jedem Resultat
Perzentil nach korrekt beantworteten Fragen
Ihre Resultats-Entwicklung
Sie haben dieses Quiz noch nicht gespielt